000 00780nam a2200289Ia 4500
005 20260324123150.0
008 008 260324s9999 xx 000 0 eng d
020 _a9780429097461
037 _aEBOOK
040 _aCRL
040 _beng
040 _cCRL
041 _2eng
041 _aeng
084 _qCRL
100 _aBudiman Minasny; Alex B. McBratney; Brendan P. Malone
_91169273
245 0 _aDigital Soil Assessments and Beyond
245 0 _bProceedings of the 5th Global Workshop on Digital Soil Mapping 2012, Sydney, Australia
260 _bTaylor and Francis
260 _c2012
365 _a
365 _b385
856 _uhttp://www.taylorfrancis.com/books/9780429097461
942 _cEBOOK
999 _c1762551
_d1762551